[Event "ch-KAZ Women 2017"]
[Site "Almaty KAZ"]
[Date "2017.04.04"]
[Round "2.5"]
[White "Kairbekova,Amina"]
[Black "Rysbayeva,K"]
[Result "0-1"]
[WhiteElo "1768"]
[BlackElo "2043"]

1.e4 e5 2.Nf3 Nc6 3.d4 exd4 4.Nxd4 Nf6 5.Nxc6 bxc6 6.e5 Ne4 7.Bc4 d5 8.exd6
Bxd6 9.Qf3 O-O 10.O-O Qh4 11.g3 Nxg3 12.Bxf7+ Rxf7 13.hxg3 Rxf3 14.gxh4 Bh3
15.Re1 Raf8 16.Be3 R8f6 17.Nd2 Rg6+ 18.Kh1 Bg2+ 19.Kg1 Bh2+ 20.Kxh2 Rh3+
21.Kg1 Rh1# 0-1